| 000 | 01519cam a2200313 4500 | ||
|---|---|---|---|
| 001 | ABS64716 | ||
| 008 | 011102n2001 000 0 eng u | ||
| 035 | _a(Sirsi) u115456 | ||
| 100 | _aGibson, R | ||
| 245 | _aHigh anxiety | ||
| 260 | _c2001 | ||
| 490 |
_aEstates Gazette _v(0143) 27 October 2001, 57-61(5) |
||
| 520 | _aSpecial report on the planning inquiry into Heron's application for a 37-storey tower at 106-126 Bishopsgate, EC3. The five week planning inquiry opened on 23 October 2001 and is likely to set precedents regarding the future of high-rise building projects in London. Presents the views of the opponents and supporters of Heron Tower. English Heritage argue that Heron Tower will destroy the view of St Pauls Cathedral and blight surrounding listed buildings. In addition, it could compromise Westminster's stance on the undesirability of tall buildings. However, developers and agents claim that office clustering could strengthen the view of St Pauls Cathedral and believe blocking the development would restrict available floorspace in the city. | ||
| 590 | _aABS | ||
| 650 | _aENGLISH HERITAGE | ||
| 650 | _aLISTED BUILDINGS | ||
| 650 | _aBUILDING CONSERVATION | ||
| 650 | _aBISHOPSGATE | ||
| 650 | _aWESTMINSTER | ||
| 650 | _aTALL BUILDINGS | ||
| 650 | _aHIGH RISE BUILDINGS | ||
| 650 | _aLONDON | ||
| 650 | _aHERON TOWER | ||
| 650 | _aST PAULS CATHEDRAL | ||
| 650 | _aPLANNING PERMISSION | ||
| 650 | _aPLANNING INQUIRIES | ||
| 690 | _aPLANNING | ||
| 942 | _n0 | ||
| 999 |
_c68764 _d68764 |
||